000 00432nam a22001817a 4500
003 CEME
005 20210628204950.0
008 210222b xxu||||| |||| 00| 0 eng d
020 _a81-224-0767-6
040 _c.
082 _a658 SIN'T
100 _aSingh, Pritam
_973079
245 _aTowards quality questions
260 _aNEW DELHI
_bNEW AGE
_c1996
300 _a253P
650 _a ACC NO-30184
_973080
942 _cBK
_2ddc
999 _c578955
_d578955